000 00352nam a2200133 a 4500
005 20140414131959.0
008 101021s19uu xx 00 eng d
050 _aTR
_bT32 1997
100 _aMaccarone, Grace
245 _aThree pigs, one wolf, and seven magic shapes.
260 _aNew York :
_bScholastic ,
_c1997.
440 _a
999 _c113022
_d113022